Obras Completas del profesor S. Freud (Record no. 22198)

MARC details
000 -LEADER
campo de control de longitud fija 00636nmm a2200205 a 4500
003 - IDENTIFICADOR DE NÚMERO DE CONTROL
campo de control AR-X00000XY
005 - FECHA Y HORA DE LA ÚLTIMA TRANSACCIÓN
campo de control 20251128212034.0
008 - DATOS DE LONGITUD FIJA--INFORMACIÓN GENERAL
campo de control de longitud fija 207020s1931 ||||||||||||||000 | spa||
040 ## - FUENTE DE CATALOGACIÓN
Centro/agencia transcriptor AR-X00000XY
100 1# - ENTRADA PRINCIPAL--NOMBRE DE PERSONA
Nombre de persona Freud, Sigmund
245 10 - MENCIÓN DEL TÍTULO
Título Obras Completas del profesor S. Freud
Número de parte o sección de la obra III
260 ## - PUBLICACIÓN, DISTRIBUCIÓN, ETC.
Lugar de publicación, distribución, etc. Madrid
Nombre del editor, distribuidor, etc. Biblioteca Nueva
Fecha de publicación, distribución, etc. 1931
300 0# - DESCRIPCIÓN FÍSICA
Extensión 333 p.
500 0# - NOTA GENERAL
Nota general Con subrayado de Alejandra Pizarnik
700 1# - ENTRADA AGREGADA--NOMBRE PERSONAL
Nombre de persona López Ballesteros y de Torres, Luis
Término indicativo de función/relación traductor
740 0# - ENTRADA AGREGADA--TÍTULO RELACIONADO/ANALÍTICO NO CONTROLADO
Título relacionado o analítico no controlado El chiste y su relación con lo inconscienteh
740 0# - ENTRADA AGREGADA--TÍTULO RELACIONADO/ANALÍTICO NO CONTROLADO
Título relacionado o analítico no controlado El delirio y los sueños en la "Gradiva" de Jensen
942 ## - ELEMENTOS DE ENTRADA SECUNDARIOS (KOHA)
Tipo de ítem Koha Libros
998 ## - INFORMACIÓN DE CONTROL LOCAL (RLIN)
Iniciales del catalogador, CIN (RLIN) martin
Holdings
Estatus retirado Estado de pérdida Fuente de la clasificación o esquema de estantería Estado de daño Restricciones de uso No para préstamo Biblioteca de origen Biblioteca actual Fecha de adquisición Total de préstamos Código de barras Visto por última vez Precio de reemplazo Tipo de ítem Koha
    Clasificación Decimal Dewey   Acceso restringido No para préstamo Liberty Liberty 28/11/2025   146360 28/11/2025 28/11/2025 Libros